Acts of Faith: (Record no. 83139)

MARC details
000 -LEADER
fixed length control field 00694nam a22001937a 4500
005 - DATE AND TIME OF LATEST TRANSACTION
control field 20140324104134.0
010 ## - LCCN (DPL NO)
LC control number B-500319
020 ## - INTERNATIONAL STANDARD BOOK NUMBER
International Standard Book Number 9789381431351
Terms of availability 299.00
035 ## - SYSTEM CONTROL NUMBER
System control number B-500319
037 ## - SOURCE OF ACQUISITION
Stock number dpl
Source of stock number/acquisition Mallika Books/Ven
082 ## - DEWEY DECIMAL CLASSIFICATION NUMBER
Classification number 230.3
100 ## - MAIN ENTRY--PERSONAL NAME
Personal name Paranjape, Makarand R.
245 ## - TITLE STATEMENT
Title Acts of Faith:
Remainder of title journeys to sacred India/
Statement of responsibility, etc by Makarand R.Paranjape
260 ## - PUBLICATION, DISTRIBUTION, ETC. (IMPRINT)
Place of publication, distribution, etc New Delhi
Name of publisher, distributor, etc Hay House Publishers
Date of publication, distribution, etc 2012
270 ## - ADDRESS
Address Muskaan Complex, Plot No.3, B-2 Vasant Kunj
City New Delhi
Postal code 110070
300 ## - PHYSICAL DESCRIPTION
Extent 229p.
Dimensions 21cm(pbk)
942 ## - ADDED ENTRY ELEMENTS (KOHA)
Source of classification or shelving scheme Dewey Decimal Classification
Item type English Books
Classification part 230.3
Call number suffix PAR
Holdings
Withdrawn status Lost status Not for loan Collection code Home library Current library Date acquired Source of acquisition Cost, normal purchase price Full call number Barcode Copy number Cost, replacement price Koha item type
      Non-fiction Sarojini Nagar Sarojini Nagar 24/03/2014 Mallika Books/99/15.03.2013/174/08.03.2013/18.03.2013 299.00 230.3 PAR B-500319 1 299.00 English Books

© Delhi Public Library
Hit Counter
free hit counter